书目信息 |
| 题名: |
路桥工程专业英语
|
|
| 作者: | 赵永平 主编 | |
| 分册: | ||
| 出版信息: | 北京 人民交通出版社 2007.01 |
|
| 页数: | 388页 | |
| 开本: | 26cm | |
| 丛书名: | ||
| 单 册: | ||
| 中图分类: | H31 | |
| 科图分类: | ||
| 主题词: | 道路工程--dao lu gong cheng--英语--高等学校--教材 | |
| 电子资源: | ||
| ISBN: | 978-7-114-06327-5 | |
| 000 | 00865nam0 2200241 450 | |
| 001 | 012007466827 | |
| 005 | 20071011085729.48 | |
| 010 | @a978-7-114-06327-5@dCNY44.00 | |
| 100 | @a20070814d2007 km y0chiy0120 ea | |
| 101 | 0 | @achi@aeng |
| 102 | @aCN@b110000 | |
| 105 | @aa a 000yy | |
| 200 | 1 | @a路桥工程专业英语@Alu qiao gong cheng zhuan ye ying yu@f赵永平主编@Fzhao yong ping zhu bian |
| 210 | @a北京@c人民交通出版社@d2007.01 | |
| 215 | @a388页@c图@d26cm | |
| 300 | @a高等学校应用型本科规划教材 | |
| 320 | @a有书目 (第388页)。 | |
| 330 | @a本书以培养学生专业英语阅读能力及专业英语文献的翻译能力为目的。本书共分25个教学单元,每单元包括精读课文、单词、与词组、练习、阅读材料等。 | |
| 606 | 0 | @a道路工程@Adao lu gong cheng@x英语@x高等学校@j教材 |
| 690 | @aH31@v4 | |
| 701 | 0 | @a赵永平@Azhao yong ping@4主编 |
| 801 | 0 | @aCN@c20071011 |
| 905 | @dH31@eZ344 | |
| 路桥工程专业英语/赵永平主编.-北京:人民交通出版社,2007.01 |
| 388页:图;26cm |
| 高等学校应用型本科规划教材 |
| ISBN 978-7-114-06327-5:CNY44.00 |
| 本书以培养学生专业英语阅读能力及专业英语文献的翻译能力为目的。本书共分25个教学单元,每单元包括精读课文、单词、与词组、练习、阅读材料等。 |
| ● |
| 相关链接 |
|
|
|
正题名:路桥工程专业英语
索取号:H31/Z344
 
预约/预借
| 序号 | 登录号 | 条形码 | 馆藏地/架位号 | 状态 | 备注 |
| 1 | 252528 | 202525286 | 语言库209/209语言库 91排1列6层/ [索取号:H31/Z344] | 在馆 | |
| 2 | 252529 | 202525295 | 语言库209/209语言库 91排1列6层/ [索取号:H31/Z344] | 在馆 |